000 00697nam a2200241Ia 4500
005 20260121112653.0
008 7854 260114s9999 xx 000 0 eng d
020 _a9789812773470
037 _aEBOOK
040 _aCRL
_beng
_cCRL
041 _aeng
_2eng
084 _qCRL
100 _aLee Hing-Yan Et Al
_9961331
245 0 _aGecon 2006 - Proceedings of the 3Rd International Workshop on Grid Economics and Business Models
260 _bWorld Scientific
260 _bWSPC
260 _c2006
650 _aComputer Science
_9961332
856 _uhttps://www.worldscientific.com/worldscibooks/10.1142/6121#t=toc
942 _cEBOOK
999 _c1545154
_d1545154